Corporate Accounting (Record no. 5290)

MARC details
000 -LEADER
fixed length control field 00515cam a2200205ua 4500
001 - CONTROL NUMBER
control field 6143
005 - DATE AND TIME OF LATEST TRANSACTION
control field 20260515114007.0
008 - FIXED-LENGTH DATA ELEMENTS--GENERAL INFORMATION
fixed length control field 131125n ii |||gr||||Z||||||eng
020 ## - INTERNATIONAL STANDARD BOOK NUMBER
International Standard Book Number 978-81-272-4602-0
040 ## - CATALOGING SOURCE
Transcribing agency MAIN
082 ## - DEWEY DECIMAL CLASSIFICATION NUMBER
Classification number 657.95
245 ## - TITLE STATEMENT
Title Corporate Accounting
Statement of responsibility, etc. By S.P. Jain
260 ## - PUBLICATION, DISTRIBUTION, ETC.
Place of publication, distribution, etc. Ludhiana:
Name of publisher, distributor, etc. Kalyani Publishers,
Date of publication, distribution, etc. 2008.
300 ## - PHYSICAL DESCRIPTION
Extent x,808p.
653 ## - INDEX TERM--UNCONTROLLED
Uncontrolled term Accounting
653 ## - INDEX TERM--UNCONTROLLED
Uncontrolled term Corporate Accounting
700 ## - ADDED ENTRY--PERSONAL NAME
Personal name Jain,S.P.,
Relator term Author.,
700 ## - ADDED ENTRY--PERSONAL NAME
Personal name Narang,K.L.,
Relator term Author.
942 ## - ADDED ENTRY ELEMENTS (KOHA)
Koha item type Books
Holdings
Withdrawn status Lost status Damaged status Not for loan Home library Current library Shelving location Date acquired Total checkouts Full call number Barcode Date last seen Date last checked out Copy number Price effective from Koha item type
        Naharkatiya College Library Naharkatiya College Library General stacks 09/19/2020 2 657.95 | JAI 18201 03/21/2023 03/06/2023 1 09/19/2020 Books